| 000 | 00518nam a2200169Ia 4500 | ||
|---|---|---|---|
| 003 | LK-CoDNM | ||
| 008 | 010623t2000 xxu||||| |||| 00| 1 sin d | ||
| 040 |
_aLK-CoDNM _dLK-CoDNM _eLK-CoDNM |
||
| 041 | _asin | ||
| 080 | _a33 | ||
| 100 | _aSenavirathna,Indrajith | ||
| 245 | _a21 වන සියවස ශ්රි ලංකාව හා සංවර්ධනය | ||
| 246 | _a21 Wana Siyawasa Sri Lankawa Ha Sanwardeanaya | ||
| 260 |
_bSeven Grafos _aGothatuwa _c2000 |
||
| 300 | _b132p.;22 cm cm | ||
| 942 | _cBK | ||
| 999 |
_c120012 _d120012 |
||